Análisis y evaluación de proyectos de inversión / (Registro nro. 4361)

Detalles MARC
000 -LEADER
fixed length control field 00995nam a2200253Ia 4500
003 - CONTROL NUMBER IDENTIFIER
control field OSt
005 - DATE AND TIME OF LATEST TRANSACTION
control field 20200620181213.0
008 - FIXED-LENGTH DATA ELEMENTS--GENERAL INFORMATION
fixed length control field 191128s1981 mx fr 000 0 spa d
020 ## - INTERNATIONAL STANDARD BOOK NUMBER
International Standard Book Number 9681812378
040 ## - CATALOGING SOURCE
Original cataloging agency CO-JMCR
Transcribing agency CO-JMCR
041 0# - LANGUAGE CODE
Language code of text/sound track or separate title spa
082 04 - DEWEY DECIMAL CLASSIFICATION NUMBER
Classification number 332.6 /
Item number C677a
Edition number 23
100 1# - MAIN ENTRY--PERSONAL NAME
Personal name Coss Bu, Raúl,
Relator term autor
9 (RLIN) 5888
245 10 - TITLE STATEMENT
Title Análisis y evaluación de proyectos de inversión /
Statement of responsibility, etc. Raúl Coss Bu
250 ## - EDITION STATEMENT
Edition statement Primera edición
260 ## - PUBLICATION, DISTRIBUTION, ETC.
Place of publication, distribution, etc. México :
Name of publisher, distributor, etc. Limusa,
Date of publication, distribution, etc. 1981
300 ## - PHYSICAL DESCRIPTION
Extent 349 páginas ;
Dimensions 24 cm.
504 ## - BIBLIOGRAPHY, ETC. NOTE
Bibliography, etc. note Bibliografía: páginas 347-349
505 0# - FORMATTED CONTENTS NOTE
Formatted contents note Valor del dinero a través del tiempo -- Método del valor anual equivalente -- Método del valor presente -- Método de la tasa interna de rendimiento -- Consideración de impuestos en estudios económicos -- Técnicas de análisis en estudios de reemplazo
650 14 - SUBJECT ADDED ENTRY--TOPICAL TERM
Topical term or geographic name entry element Evaluación de proyectos
9 (RLIN) 2814
650 14 - SUBJECT ADDED ENTRY--TOPICAL TERM
Topical term or geographic name entry element Proyectos de inversión
9 (RLIN) 513
650 14 - SUBJECT ADDED ENTRY--TOPICAL TERM
Topical term or geographic name entry element Empresas
General subdivision finanzas
9 (RLIN) 5889
942 ## - ADDED ENTRY ELEMENTS (KOHA)
Source of classification or shelving scheme Dewey Decimal Classification
Koha item type Books
Existencias
Withdrawn status Lost status Source of classification or shelving scheme Damaged status Not for loan Collection code Home library Current library Date acquired Source of acquisition Cost, normal purchase price Total Checkouts Full call number Barcode Date last seen Copy number Koha item type
    Dewey Decimal Classification     Non-fiction Biblioteca Pública José María del Castillo y Rada Biblioteca Pública José María del Castillo y Rada 04/15/2018 Donación 0.00   332.6 / C677a 201809206 01/13/2025 Ej.1 Books